000 003130000a22001450004500
003 MACL
040 _aMACL
090 _c2322
_d2322
100 _aKothari, Prakash
245 _aComman Sexual Problems And Solutions
260 _bUBS Publishers
_c1995
350 _a75
650 _aTechnology
942 _cBOOK
_k610
999 _c2304
_d2304